Score 0/15 Timer 03:00
0 Plays Today
% Correct
Chiang
92.5%
Rather
92.5%
Candy
90%
Jackson
90%
Mulroney
90%
Keats
87.5%
Schneider
87.5%
Vermeer
85%
% Correct
Landon
85%
Sihanouk
82.5%
van Basten
75%
Collins
75%
Hubbard
67.5%
Wald
52.5%
Newton
35%
Remove Ads.
Support Sporcle.
Get the best of Sporcle when you Go Orange. This ad-free experience offers more features, more stats, and more fun while also helping to support Sporcle. Thank you for becoming a member.

You're not logged in!

Compare scores with friends on all Sporcle quizzes.
OR
Log In

Show Comments

Extras

Top Quizzes Today


Score Distribution

Your Account Isn't Verified!

In order to create a playlist on Sporcle, you need to verify the email address you used during registration. Go to your Sporcle Settings to finish the process.

Report this User

Report this user for behavior that violates our Community Guidelines.

Details: